000 00534nam a2200181Ia 4500
008 220216s9999 xx 000 0 und d
100 _aSushamakumari S
245 0 _aEvaluation of parameters affecting the isolation and culture of protoplasts of Hevea brasiliensis(Muell. Arg)
260 _bCurrent Science
_c1999
300 _a1580-1581
650 _aHevea brasiliensis
650 _aProtoplast culture
650 _aProtoplast isolation
700 _aAsokan M P
700 _aJayasree R
700 _aSobha S
942 _cJS
999 _c58969
_d58969